LEADER 01103nam a2200253 i 4500 001 000000151247 003 CaOOAMICUS 005 20220204100605.0 008 060626s1983 it u000 u ita u 013 $a128585 040 $aSeMil$bita 100 1 $aVillani, Pasquale <1924-2015>.$0(OLS)http://semarc/name/9513 245 10$aTrionfo e crollo del predominio europeo :$b19.-20- secolo /$cPasquale Villani. 300 $a711 p. 490 0 $aCollezione di testi e di studi. Storia 650 4$aEuropa - Storia - Sec. 20.$0(OLS)http://semarc/subject/574 650 4$aEuropa - Storia - Sec. 19.$0(OLS)http://semarc/subject/1859 773 0 $tCiviltà europea nella storia mondiale.$dBologna : Il Mulino, 1979-1983.$g4$w()1024 830 0$aCollezione di testi e di studi. Storia.$0(OLS)http://semarc/title/18230 850 $aSeMil 852 $aSeMil$W1$xVenegono$y1$m3V I 312$j103277$B103277$CSeMilBibl$Z2$F113624 $81 961 $aOmaggio: Pontiggia don Virginio 996 $6245$aTrionfo e crollo del predominio europeo :$b19.-20- secolo$9(OLS)http://semarc/title/221065 LEADER 00506nab a2200133 i 4500 001 000000326560 003 CaOOAMICUS 005 20180831173524.0 008 180831n it uu u0 0ita r 013 $a37714 040 $aSeMil$bita 245 10$aPropedeutica-Liceo. La Quaresima... secondo me. - In [rubrica] :$bNotizie dai Seminari. 773 0 $t[MAGGIO 2000]. - 32 p.$gp.16$w()288227 996 $6245$aPropedeutica-Liceo. La Quaresima... secondo me. - In [rubrica] :$bNotizie dai Seminari.$9(OLS)http://semarc/title/399630